000 00442ntaaa2200181 4500
003 01
005 20251027201743.0
008 0714s1973 ag 01
040 _aAR-BaBN
_bspa
_cAR-BaBN
_eaacr
_dRIC
082 _a239.8000 Or7e
100 _aOrr, William
_916100
245 _aExistirá Dios?
250 _a1 ed.
260 _aSan José, Costa Rica :
_bCaribe,
_cc1972
300 _a75 p
650 _aciencia y religión
_98588
942 _cBK
999 _c12234
_d12234